000 00723nam a2200193 a 4500
003 0
005 20250310121751.0
008 090710s19uu xx 00 eng d
050 _aPHS HV 6432
_b.H557 2009
100 _aHernandez, Kristine Claire M.
245 _aWas the war on terrorism a response towards Al-Qaeda's September 11, 2001 attacks? /
_cKristine Claire M. Hernandez.
260 _aLas PiƱas City, Philippines :
_bSouthville International School and Colleges,
_c2009.
300 _a19 pages :
_billustrations ;
_c28 cm.
504 _aIncludes bibliographical references.
650 _aWar on Terrorism, 2001-2009.
650 _aTerrorism
_xPrevention.
650 _aQaida (Organization).
942 _2lcc
_cPASS
999 _c98243
_d98243